Statistiques concernant Culture Générale - Série 792

Cliquez ici pour prendre le quiz!

Statistiques générales

  • Ce quiz a été pris 57 fois
  • Le résultat moyen est 7 sur 10

Statistiques - réponses

Question Réponse % Correct
Comment appelle-t-on un bloc de glace, détaché d'un glacier polaire, et flottant à la surface de la mer ?iceberg
100%
Dans quel château, de la région parisienne, peut-on voir son reflet dans la galerie des Glaces ?château de Versailles
94%
Quel sirop faut-il ajouter à un demi de bière pour obtenir un tango ?grenadine
87%
Par quel signe de ponctuation inversé débute-t-on normalement une phrase interrogative dans la langue espagnole ?point d'interrogation
79%
Dans quel pays d'Europe peut-on se promener dans la forêt d'Argonne ?France
77%
Dans quelle capitale se trouve le siège de l'UNESCO ?Paris
68%
De quel grand fleuve l'Olt est-il l'affluent ?Danube
64%
Comment se prénommait la fille aînée de l'écrivain Victor Hugo, qui se noya à l'âge de 19 ans ?Léopoldine
45%
Sous quel nom est plus connu Domenikos Theotokopoulos, peintre espagnol d'origine crétoise, contemporain de Cervantès ?Le Greco
36%
Avec quel chanteur français Sophie Marceau a-t-elle enregistré la chanson "Dream in Blue" en 1981 ?François Valéry
25%

Distribution des résultats

Percentile by Number Answered

% des personnes avec chaque résultat

Votre développement - résultats

Vous n’avez pas pris ce quiz